000 00418nam a22001697a 4500
005 20160615165039.0
008 160615b xxu||||| |||| 00| 0 eng d
020 _a81-7758-316-6
041 _aeng
082 _b7876
100 _aKalakota, Ravi & whinston Andrew B
_92038
245 _aElectronic Commarce
260 _aDelhi
_bpearson education
_c2007
300 _a412
650 _aManagement
_9241
942 _cBK
999 _c2846
_d2845